[Event "Frydek Mistek Chance Cup op"]
[Site "Frydek Mistek"]
[Date "2011.04.22"]
[Round "4"]
[White "Clements, Thomas A"]
[Black "Sieber, Martin"]
[Result "0-1"]
[WhiteElo "1886"]
[BlackElo "2038"]
[PlyCount "78"]
[EventDate "2011.04.21"]
[EventType "swiss"]
[EventRounds "9"]
[EventCountry "CZE"]
[SourceTitle "EXT 2012"]
[Source "ChessBase"]
[SourceDate "2011.11.24"]
[SourceVersion "1"]
[SourceVersionDate "2011.11.24"]
[SourceQuality "1"]

1. e4 c5 2. Nf3 Nc6 3. Bb5 d6 4. Bxc6+ bxc6 5. d3 g6 6. Nc3 Bg7 7. h3 Nf6 8. Be3 Rb8 9. Rb1 0-0 10. Qd2 Re8 11. Nh2 Nd7 12. g4 Qa5 13. Ke2 Rxb2 14. Rxb2 Bxc3 15. Qc1 Bxb2 16. Qxb2 Ba6 17. Bh6 e5 18. Rb1 c4 19. Nf3 Nc5 20. Qb8 cxd3+ 21. cxd3 Bxd3+ 22. Ke3 Qd8 23. Qxd8 Rxd8 24. Rd1 Bxe4 25. Nxe5 f6 26. Nc4 Bd5 27. Na5 Kf7 28. Bf4 g5 29. Bh2 Re8+ 30. Kd4 Re4+ 31. Kc3 Na4+ 32. Kd2 Rd4+ 33. Kc1 Rxd1+ 34. Kxd1 Ke6 35. Nb7 Nc3+ 36. Ke1 Nxa2 37. Nxd6 Bg2 38. Nc8 a6 39. Na7 Kd7 0-1